[Event "Hamburg - Neukoelln"]
[Site "BL 0203"]
[Date "2002.12.14"]
[Round "5.7"]
[White "Thiede, Lars"]
[Black "Heinemann, Thies"]
[Result "1-0"]
[WhiteElo "2416"]
[BlackElo "2437"]
[PlyCount "109"]
[EventDate "2002.??.??"]

1. g3 c5 2. c4 Nc6 3. Bg2 g6 4. Nc3 Bg7 5. a3 e6 6. b4 Nxb4 7. axb4 cxb4 8. d4
bxc3 9. e3 Ne7 10. Ba3 d5 11. cxd5 Nxd5 12. Ne2 Bd7 13. O-O Bc6 14. e4 Ne7 15.
Qb3 O-O 16. Rfd1 Qd7 17. Nxc3 b6 18. d5 exd5 19. exd5 Bb7 20. Ra2 Rfd8 21. Rad2
Nf5 22. Ne4 Re8 23. Bb2 Qd8 24. Bxg7 Kxg7 25. Qb2+ f6 26. Nc5 bxc5 27. Qxb7+
Re7 28. Qxa8 Qxa8 29. d6 Qxg2+ 30. Kxg2 Rd7 31. Rd5 Kf7 32. g4 Ng7 33. Rxc5 Ne8
34. Rcd5 Ke6 35. f4 Nxd6 36. f5+ gxf5 37. gxf5+ Ke7 38. Kf3 Rd8 39. Ra5 Rd7 40.
Rad5 Rd8 41. Kf4 Rd7 42. Re1+ Kf7 43. Re3 a5 44. Kf3 a4 45. Kf4 h6 46. Rh3 Ke7
47. Re3+ Kf7 48. Kf3 Rd8 49. Ra3 Ke7 50. Rxa4 Nf7 51. Ra7+ Ke8 52. Rxd8+ Nxd8
53. Ra8 Ke7 54. Rxd8 Kxd8 55. Kg4 1-0

[Event "Hamburg - Neukoelln"]
[Site "BL 0203"]
[Date "2002.12.14"]
[Round "5.8"]
[White "Reeh, Oliver"]
[Black "Rudolf, Henrik"]
[Result "1/2-1/2"]
[WhiteElo "2423"]
[BlackElo "2348"]
[PlyCount "91"]
[EventDate "2002.??.??"]

1. e4 g6 2. d4 Bg7 3. Nc3 d6 4. Nf3 Nf6 5. h3 O-O 6. Be3 a6 7. a4 b6 8. e5 Nfd7
9. exd6 cxd6 10. g3 Bb7 11. Bg2 e6 12. O-O Nf6 13. Re1 Nbd7 14. Qd2 Qc7 15. Bh6
Rac8 16. Rac1 Rfe8 17. Bxg7 Kxg7 18. Nd1 b5 19. axb5 axb5 20. Ne3 h5 21. c3 Nb6
22. Qe2 Nc4 23. Nd1 Qb6 24. b3 Na5 25. Qb2 Re7 26. Ne3 Rec7 27. d5 exd5 28. Nd4
Kg8 29. Qd2 Ne4 30. Bxe4 dxe4 31. g4 hxg4 32. hxg4 d5 33. Kg2 b4 34. cxb4 Rxc1
35. Rxc1 Rxc1 36. Qxc1 Qxd4 37. bxa5 Qf6 38. Qc7 Bc6 39. g5 Qxg5+ 40. Qg3 Qf6
41. Ng4 Qe6 42. a6 d4 43. Qb8+ Kg7 44. Qe5+ Qxe5 45. Nxe5 d3 46. Nxc6 1/2-1/2

[Event "Wattenscheid - Bremen"]
[Site "BL 0203"]
[Date "2002.12.14"]
[Round "5.1"]
[White "Hracek, Zbynek"]
[Black "Macieja, Bartlomiej"]
[Result "1/2-1/2"]
[WhiteElo "2607"]
[BlackElo "2615"]
[PlyCount "68"]
[EventDate "2002.??.??"]

1. e4 c5 2. Nf3 e6 3. d4 cxd4 4. Nxd4 Nc6 5. Nb5 d6 6. Bf4 e5 7. Be3 a6 8. N5c3
Nf6 9. Bc4 Be7 10. Nd5 Nxd5 11. Bxd5 O-O 12. Na3 Bg5 13. Nc4 Bxe3 14. Nxe3 Ne7
15. Bb3 Be6 16. O-O Qd7 17. Qd3 Rad8 18. Rad1 Qc6 19. Rd2 Rd7 20. Rfd1 Rfd8 21.
h4 h5 22. g3 g6 23. c3 b5 24. Nd5 Bxd5 25. Bxd5 Nxd5 26. Qxd5 Qxd5 27. Rxd5 Kf8
28. a4 bxa4 29. Ra5 Rb8 30. Rd2 Rdb7 31. Rxa4 Rxb2 32. Rxd6 R8b6 33. Rxa6 Rxa6
34. Rxa6 Re2 1/2-1/2

[Event "Wattenscheid - Bremen"]
[Site "BL 0203"]
[Date "2002.12.14"]
[Round "5.3"]
[White "Schandorff, Lars"]
[Black "Appel, Ralf"]
[Result "1/2-1/2"]
[WhiteElo "2546"]
[BlackElo "2503"]
[PlyCount "45"]
[EventDate "2002.??.??"]

1. d4 b5 2. e4 Bb7 3. Bd3 e6 4. Nf3 c5 5. c3 cxd4 6. cxd4 Nf6 7. Qe2 a6 8. O-O
Be7 9. Bg5 h6 10. Bxf6 Bxf6 11. Nbd2 Nc6 12. e5 Be7 13. Be4 d5 14. exd6 Qxd6
15. Nb3 O-O 16. Ne5 Ra7 17. Rfd1 Nxe5 18. dxe5 Qb6 19. Rac1 Rc8 20. Bxb7 Rxc1
21. Rxc1 Rxb7 22. Rc8+ Bf8 23. Qd2 1/2-1/2

[Event "Wattenscheid - Bremen"]
[Site "BL 0203"]
[Date "2002.12.14"]
[Round "5.4"]
[White "Handke, Florian"]
[Black "Pelletier, Yannick"]
[Result "0-1"]
[WhiteElo "2504"]
[BlackElo "2587"]
[PlyCount "80"]
[EventDate "2002.??.??"]

1. e4 c5 2. Nf3 d6 3. d4 cxd4 4. Nxd4 Nf6 5. Nc3 a6 6. Be2 e6 7. Be3 Be7 8. Qd2
Nc6 9. O-O-O O-O 10. f4 Nd7 11. g4 Nxd4 12. Qxd4 b5 13. g5 Rb8 14. h4 b4 15.
Nb1 Qa5 16. Bc4 Nc5 17. g6 Kh8 18. h5 h6 19. gxf7 e5 20. Qd2 exf4 21. Bxf4 Nxe4
22. Qe3 Qf5 23. Rhf1 Bg5 24. Nd2 Nxd2 25. Rxd2 Bxf4 26. Qxf4 Qxh5 27. Qxd6 Bf5
28. Qf4 Rbc8 29. Bb3 Bh7 30. Qxb4 Qe5 31. Qd4 Qxd4 32. Rxd4 Bg6 33. Rd6 Kh7 34.
Rxa6 Bd3 35. Rxh6+ gxh6 36. Rf4 Bg6 37. a4 Kg7 38. Rb4 Rc5 39. c3 Rg5 40. Rf4
Bxf7 0-1

[Event "Wattenscheid - Bremen"]
[Site "BL 0203"]
[Date "2002.12.14"]
[Round "5.5"]
[White "Knaak, Rainer"]
[Black "Hall, Jesper"]
[Result "1/2-1/2"]
[WhiteElo "2471"]
[BlackElo "2489"]
[PlyCount "32"]
[EventDate "2002.??.??"]

1. d4 Nf6 2. Bg5 c5 3. Nc3 Qa5 4. Bxf6 gxf6 5. d5 f5 6. e3 Bg7 7. Nge2 d6 8. g3
Nd7 9. Bg2 Ne5 10. O-O h5 11. h4 Bd7 12. a3 a6 13. Rb1 Nc4 14. Qd3 Ne5 15. Qd1
Nc4 16. Qd3 Ne5 1/2-1/2

[Event "Wattenscheid - Bremen"]
[Site "BL 0203"]
[Date "2002.12.14"]
[Round "5.6"]
[White "Holzke, Frank"]
[Black "Joachim, Sven"]
[Result "1-0"]
[WhiteElo "2479"]
[BlackElo "2471"]
[PlyCount "91"]
[EventDate "2002.??.??"]

1. e4 c5 2. Nf3 d6 3. d4 cxd4 4. Nxd4 Nf6 5. Nc3 Nc6 6. Bg5 e6 7. Qd2 Be7 8.
O-O-O Nxd4 9. Qxd4 O-O 10. f4 Qa5 11. Kb1 h6 12. h4 Rd8 13. Bd3 Bd7 14. e5 dxe5
15. fxe5 Bc6 16. Qe3 Ng4 17. Qf4 hxg5 18. hxg5 Qxe5 19. Bh7+ Kf8 20. Bg6 Rxd1+
21. Nxd1 Ke8 22. Bxf7+ Kd7 23. Qxg4 Qxg5 24. Qxe6+ Kc7 25. Nc3 Rd8 26. a3 Bf6
27. Qc4 Rd4 28. Qb3 Qxg2 29. Rh5 Rd8 30. Bd5 Qf1+ 31. Ka2 Bxc3 32. Qxc3 Rxd5
33. Rxd5 Qf7 34. Qa5+ b6 35. Qxa7+ Bb7 36. c4 Qf4 37. Rd1 g5 38. Qa4 Bc6 39.
Qa7+ Bb7 40. Qa4 Bc6 41. Qb4 Kb7 42. Qe7+ Ka6 43. Qe6 Kb7 44. Rd6 Qf3 45. Qe7+
Ka6 46. Qc7 1-0

[Event "Wattenscheid - Bremen"]
[Site "BL 0203"]
[Date "2002.12.14"]
[Round "5.8"]
[White "Straeter, Timo"]
[Black "Heissler, Jacob"]
[Result "0-1"]
[WhiteElo "2329"]
[BlackElo "2455"]
[PlyCount "44"]
[EventDate "2002.??.??"]

1. d4 Nf6 2. Nf3 g6 3. Bg5 Bg7 4. Nbd2 d5 5. e3 O-O 6. Be2 c5 7. c4 Ne4 8. Bh4
Be6 9. Nxe4 dxe4 10. Ng5 cxd4 11. Nxe6 fxe6 12. exd4 Qa5+ 13. Kf1 Nc6 14. d5
Nd4 15. Bxe7 Rf7 16. d6 Nf5 17. Bg5 Qc5 18. Qb3 Raf8 19. Bg4 Nd4 20. Qe3 Rxf2+
21. Kg1 Ne2+ 22. Bxe2 Bd4 0-1

[Event "Solingen - Emsdetten"]
[Site "BL 0203"]
[Date "2002.12.14"]
[Round "5.2"]
[White "Piket, Jeroen"]
[Black "Tiviakov, Sergei"]
[Result "0-1"]
[WhiteElo "2646"]
[BlackElo "2631"]
[PlyCount "80"]
[EventDate "2002.??.??"]

1. g3 Nf6 2. Bg2 d5 3. d3 e6 4. c3 b6 5. f4 Bb7 6. Nf3 Nbd7 7. O-O g6 8. Qe1
Bg7 9. h3 O-O 10. g4 b5 11. Na3 a6 12. Nc2 c5 13. Bd2 a5 14. a3 Qc7 15. Qh4 c4
16. Rad1 Nc5 17. Be3 Na4 18. Ncd4 cxd3 19. exd3 Nxb2 20. Rd2 Na4 21. Nxb5 Qd7
22. c4 Qe7 23. Ne5 Rfd8 24. cxd5 Bxd5 25. Nc6 Bxc6 26. Bxc6 Rab8 27. Nd4 Nd5
28. Qxe7 Nxe7 29. Bxa4 Bxd4 30. Bf2 Bb2 31. d4 Bxa3 32. Kg2 Rb4 33. Bc2 Bb2 34.
f5 exf5 35. gxf5 Bc3 36. Re2 Nd5 37. Bh4 Rc8 38. Be4 Rxd4 39. Bxd5 Rxd5 40. f6
Rd2 0-1

[Event "Solingen - Emsdetten"]
[Site "BL 0203"]
[Date "2002.12.14"]
[Round "5.5"]
[White "Olsen, Boe Mads"]
[Black "Werle, Jan"]
[Result "0-1"]
[WhiteElo "2372"]
[BlackElo "2434"]
[PlyCount "132"]
[EventDate "2002.??.??"]

1. e4 e6 2. d4 d5 3. e5 c5 4. c3 Nc6 5. Be3 Qb6 6. Qd2 f6 7. f4 Nh6 8. Nf3 Bd7
9. Be2 Nf5 10. Bf2 cxd4 11. cxd4 fxe5 12. fxe5 Bb4 13. Nc3 O-O 14. O-O Rac8 15.
Rfc1 Na5 16. Rc2 Nc4 17. Bxc4 Rxc4 18. Rac1 Rfc8 19. a3 Bf8 20. Nd1 Qb3 21.
Rxc4 Rxc4 22. Rxc4 Qxc4 23. h3 Bb5 24. Kh2 h6 25. g4 Ne7 26. Ne3 Qe2 27. Qxe2
Bxe2 28. Ng1 Bd3 29. Nd1 Nc6 30. Nc3 Be7 31. Nf3 Kf7 32. Be3 Na5 33. Kg3 Nb3
34. Nd2 Na1 35. Nf3 Nc2 36. Bd2 Bd8 37. Ne1 Nxe1 38. Bxe1 Bg5 39. Nd1 Bc1 40.
Kf2 Kg6 41. Bc3 Kg5 42. Kg3 Bf4+ 43. Kf3 Be4+ 44. Ke2 Bg2 45. Nf2 Bg3 46. Be1
Bxf2 47. Bd2+ Kh4 48. Kxf2 Bxh3 49. g5 hxg5 50. Bc1 Bf5 51. Bd2 g4 52. a4 g3+
53. Kg1 Kg4 54. Bb4 Kf3 55. a5 b6 56. axb6 axb6 57. Bd6 Ke3 58. Bc7 b5 59. Bb6
Be4 60. b4 g5 61. Ba7 g4 62. Kf1 g2+ 63. Kg1 Kd3 64. Kf2 Kc3 65. Bc5 Kc4 66.
Kg1 g3 0-1

[Event "Solingen - Emsdetten"]
[Site "BL 0203"]
[Date "2002.12.14"]
[Round "5.6"]
[White "Chandler, Murray G"]
[Black "Peng, Zhao Qin"]
[Result "1/2-1/2"]
[WhiteElo "2517"]
[BlackElo "2443"]
[PlyCount "83"]
[EventDate "2002.??.??"]

1. e4 c5 2. Nf3 Nc6 3. Bb5 e6 4. O-O Nge7 5. Nc3 a6 6. Bxc6 Nxc6 7. d4 cxd4 8.
Nxd4 Qc7 9. Nxc6 Qxc6 10. Re1 Be7 11. Qg4 Kf8 12. Bf4 h5 13. Qf3 d6 14. a4 g5
15. Bd2 Bd7 16. Ra3 Rc8 17. Rb3 Qc7 18. Qd3 Rg8 19. Be3 Bc6 20. Rd1 Qa5 21. Qe2
h4 22. Bb6 Qe5 23. Bd4 Qa5 24. Qh5 Qd8 25. h3 Qd7 26. a5 f6 27. Rd3 Qe8 28. Qg4
Kf7 29. Bb6 Rg6 30. Rb4 Bd7 31. Qf3 Bc6 32. Qe2 Qg8 33. f3 Kg7 34. Rd1 Kh7 35.
Rbd4 Qf8 36. R4d2 Rg8 37. Rd4 Qg7 38. R4d3 Qg6 39. Qe3 Rcf8 40. R3d2 Rf7 41.
Qe2 Rff8 42. Rd4 1/2-1/2

[Event "Solingen - Emsdetten"]
[Site "BL 0203"]
[Date "2002.12.14"]
[Round "5.7"]
[White "Zumsande, Martin"]
[Black "Hoffmann, Michael"]
[Result "1/2-1/2"]
[WhiteElo "2374"]
[BlackElo "2438"]
[PlyCount "87"]
[EventDate "2002.??.??"]

1. e4 c5 2. c3 Nf6 3. e5 Nd5 4. d4 cxd4 5. Nf3 e6 6. cxd4 b6 7. Nc3 Nxc3 8.
bxc3 Qc7 9. Bd2 d6 10. Bd3 Nd7 11. Ng5 Bb7 12. Qh5 g6 13. Qh3 dxe5 14. O-O Bg7
15. Rfe1 Bd5 16. f4 e4 17. Nxe4 O-O 18. Ng5 Nf6 19. Bb1 Rfe8 20. Nf3 Bxf3 21.
Qxf3 Rac8 22. Bd3 Qd7 23. Qe2 Red8 24. Kh1 Rc7 25. Bb5 Qd5 26. a4 h5 27. h3 h4
28. Qe5 Qxe5 29. fxe5 Nh5 30. Re3 Ng3+ 31. Kg1 Nf5 32. Re2 Bh6 33. Be1 Bg5 34.
Rea2 Ne7 35. Bf2 Nd5 36. c4 Nb4 37. Rb2 Nc6 38. Bxc6 Rxc6 39. Rc2 f6 40. Re2
Rdc8 41. c5 f5 42. Kf1 Be7 43. Rb2 Kf7 44. Rab1 1/2-1/2

[Event "Solingen - Emsdetten"]
[Site "BL 0203"]
[Date "2002.12.14"]
[Round "5.8"]
[White "Schneider, Bernd"]
[Black "Richter, Christian"]
[Result "1-0"]
[WhiteElo "2424"]
[BlackElo "2333"]
[PlyCount "79"]
[EventDate "2002.??.??"]

1. c4 Nf6 2. Nc3 g6 3. g3 Bg7 4. Bg2 O-O 5. d4 d6 6. Nf3 Nc6 7. O-O a6 8. d5
Na5 9. Nd2 c5 10. Rb1 Rb8 11. b4 cxb4 12. Rxb4 Qc7 13. Bb2 Bd7 14. Qb1 Rfc8 15.
Rc1 Ng4 16. Nce4 Bxb2 17. Qxb2 b5 18. Rb1 Ra8 19. cxb5 axb5 20. Bh3 h5 21. Qd4
f5 22. Ng5 Qc3 23. Ndf3 Nf6 24. e4 Rc4 25. Qxc3 Rxc3 26. Nh4 Kg7 27. exf5 Nc4
28. fxg6 Bxh3 29. Nxh3 Nxd5 30. Rxb5 Na3 31. Rxd5 Nxb1 32. Rxh5 Nd2 33. Rh7+
Kf6 34. Rf7+ Ke6 35. Nf4+ Kd7 36. g7 Rg8 37. Nf5 Nf3+ 38. Kg2 Ne5 39. Rxe7+ Kc6
40. Nh6 1-0

[Event "Tegernsee - Baden Oos"]
[Site "BL 0203"]
[Date "2002.12.15"]
[Round "6.3"]
[White "Dautov, Rustem"]
[Black "Beim, Valery"]
[Result "1/2-1/2"]
[WhiteElo "2617"]
[BlackElo "2555"]
[PlyCount "79"]
[EventDate "2002.??.??"]

1. d4 f5 2. Nf3 Nf6 3. g3 g6 4. b4 Bg7 5. Bb2 d6 6. Nbd2 O-O 7. c4 e5 8. dxe5
Ng4 9. Qb3 Nxe5 10. Bg2 Nbc6 11. O-O Nxf3+ 12. Nxf3 Bxb2 13. c5+ Rf7 14. Qxb2
dxc5 15. bxc5 Qf6 16. Rab1 Rb8 17. e3 Qxb2 18. Rxb2 Re7 19. Rd1 Bd7 20. Nd4
Nxd4 21. Rxd4 b6 22. a4 a5 23. Bf1 Kg7 24. cxb6 cxb6 25. Bb5 Bxb5 26. Rxb5 Rc7
27. Kg2 Rbb7 28. Kf3 Rc2 29. h3 Ra2 30. Kg2 Rc2 31. Rd6 Rc4 32. Rdxb6 Rxb6 33.
Rxb6 h5 34. Ra6 Rxa4 35. Kf3 Kh6 36. h4 Kg7 37. Kg2 Ra2 38. Kf3 Ra4 39. Kg2 Ra2
40. Kf3 1/2-1/2

[Event "Tegernsee - Baden Oos"]
[Site "BL 0203"]
[Date "2002.12.15"]
[Round "6.4"]
[White "Boensch, Uwe"]
[Black "Huebner, Robert"]
[Result "1/2-1/2"]
[WhiteElo "2540"]
[BlackElo "2634"]
[PlyCount "45"]
[EventDate "2002.??.??"]

1. d4 Nf6 2. c4 e6 3. Nf3 b6 4. g3 Ba6 5. Nbd2 Bb7 6. Bg2 d5 7. O-O Be7 8. cxd5
exd5 9. Ne5 O-O 10. b3 c5 11. Bb2 Na6 12. Rc1 Re8 13. Nd3 Bd6 14. Re1 Qe7 15.
dxc5 Nxc5 16. Nf3 Ne6 17. Nd4 Nxd4 18. Bxd4 Ne4 19. e3 Rac8 20. Qg4 f6 21. Nf4
Qf7 22. Red1 Bc5 23. Bxc5 1/2-1/2

[Event "Tegernsee - Baden Oos"]
[Site "BL 0203"]
[Date "2002.12.15"]
[Round "6.5"]
[White "Schenk, Andreas"]
[Black "Teske, Henrik"]
[Result "0-1"]
[WhiteElo "2477"]
[BlackElo "2529"]
[PlyCount "36"]
[EventDate "2002.??.??"]

1. d4 d5 2. c4 c6 3. Nc3 Nf6 4. Nf3 dxc4 5. a4 Bf5 6. Ne5 Nbd7 7. Nxc4 Qc7 8.
g3 e5 9. dxe5 Nxe5 10. Bf4 Nfd7 11. Bg2 f6 12. O-O Nc5 13. b4 Rd8 14. Qc1 Nb3
15. Qe3 Nxa1 16. Rxa1 Bxb4 17. Nxe5 fxe5 18. Bxe5 Qe7 0-1

[Event "Tegernsee - Baden Oos"]
[Site "BL 0203"]
[Date "2002.12.15"]
[Round "6.6"]
[White "Hertneck, Gerald"]
[Black "Schlosser, Philipp"]
[Result "1/2-1/2"]
[WhiteElo "2516"]
[BlackElo "2534"]
[PlyCount "54"]
[EventDate "2002.??.??"]

1. d4 Nf6 2. c4 e6 3. Nf3 d5 4. Nc3 c6 5. Bg5 h6 6. Bxf6 Qxf6 7. e3 Nd7 8. Be2
dxc4 9. Bxc4 g6 10. O-O Bg7 11. Qc2 O-O 12. Rad1 Qe7 13. e4 b5 14. Bd3 a6 15.
e5 c5 16. Be4 Ra7 17. Ne2 Bb7 18. Bxb7 Rxb7 19. Qe4 Rc7 20. Nf4 cxd4 21. Rxd4
Nc5 22. Qe2 Rd8 23. Rfd1 Rxd4 24. Rxd4 Nd7 25. h3 Rc1+ 26. Kh2 Rc5 27. Nd3 Rc4
1/2-1/2

[Event "Tegernsee - Baden Oos"]
[Site "BL 0203"]
[Date "2002.12.15"]
[Round "6.8"]
[White "Kachiani-Gersinska, Ketino"]
[Black "Keitlinghaus, Ludger"]
[Result "1/2-1/2"]
[WhiteElo "2439"]
[BlackElo "2500"]
[PlyCount "41"]
[EventDate "2002.??.??"]

1. d4 d5 2. c4 c6 3. Nf3 Nf6 4. e3 a6 5. Bd3 dxc4 6. Bxc4 e6 7. O-O c5 8. Bb3
Nc6 9. Qe2 cxd4 10. Rd1 Be7 11. Nc3 O-O 12. Nxd4 Nxd4 13. exd4 Nd5 14. Qf3 Nxc3
15. bxc3 Qc7 16. Bf4 Bd6 17. Bxd6 Qxd6 18. c4 Rb8 19. c5 Qc7 20. Rac1 Bd7 21.
d5 1/2-1/2

[Event "Forchheim - Stuttgart"]
[Site "BL 0203"]
[Date "2002.12.15"]
[Round "6.1"]
[White "Hickl, Joerg"]
[Black "Prusikin, Mikhajlo"]
[Result "1/2-1/2"]
[WhiteElo "2602"]
[BlackElo "2504"]
[PlyCount "84"]
[EventDate "2002.??.??"]

1. g3 e5 2. c4 Nc6 3. Bg2 f5 4. Nc3 Nf6 5. d3 Bb4 6. Bd2 O-O 7. a3 Bxc3 8. Bxc3
d6 9. b4 Qe8 10. b5 Nd8 11. Nf3 Qh5 12. Nd2 Nf7 13. Qb3 f4 14. gxf4 Qg4 15. Rg1
Qxf4 16. e3 Qxh2 17. O-O-O Ng4 18. Ne4 Nfh6 19. Qc2 Nf5 20. Qe2 Nh4 21. f3 Nf6
22. Nxf6+ Rxf6 23. f4 Be6 24. Qd2 Nxg2 25. Rxg2 Qh5 26. Rg5 Qf7 27. Qg2 Rf8 28.
Qxb7 exf4 29. exf4 Rg6 30. Rxg6 hxg6 31. Qxa7 Qxf4+ 32. Kb2 d5 33. cxd5 Bxd5
34. Rd2 Ra8 35. Qc5 Bf7 36. Qb4 Qe3 37. Qd4 Qxd4 38. Bxd4 Be8 39. Rc2 Bxb5 40.
Rxc7 Bxd3 41. Rxg7+ Kf8 42. Rh7 Be4 1/2-1/2

[Event "Forchheim - Stuttgart"]
[Site "BL 0203"]
[Date "2002.12.15"]
[Round "6.2"]
[White "Jansa, Vlastimil"]
[Black "Buhmann, Rainer"]
[Result "1/2-1/2"]
[WhiteElo "2500"]
[BlackElo "2527"]
[PlyCount "92"]
[EventDate "2002.??.??"]

1. e4 e6 2. d4 d5 3. Nd2 c5 4. Ngf3 cxd4 5. exd5 Qxd5 6. Bc4 Qd6 7. O-O Nf6 8.
Re1 Nc6 9. Ne4 Qb4 10. Bb3 Be7 11. c3 Qa5 12. Nxd4 Nxd4 13. cxd4 O-O 14. Bg5
Qd8 15. Qf3 Nxe4 16. Bxe7 Nd2 17. Qf4 Qxe7 18. Qxd2 Rd8 19. Rad1 Bd7 20. d5 Qf6
21. Qb4 exd5 22. Qxb7 Bc6 23. Qc7 Rd7 24. Qe5 Qxe5 25. Rxe5 Kf8 26. f3 Rb8 27.
Rc1 Rd6 28. Rc5 d4 29. Re2 Bb5 30. Rd2 a6 31. Kf2 Re8 32. Rd5 Rxd5 33. Bxd5 Rd8
34. Be4 Ke7 35. Bd3 Ke6 36. Ke2 Kf6 37. Bxb5 axb5 38. Kd3 Ra8 39. b3 Re8 40.
Rc2 Re1 41. Rc7 Rd1+ 42. Ke2 Ra1 43. Rc2 Rg1 44. Kd3 Rd1+ 45. Ke2 Rg1 46. Kd3
Rd1+ 1/2-1/2

[Event "Forchheim - Stuttgart"]
[Site "BL 0203"]
[Date "2002.12.15"]
[Round "6.4"]
[White "Heidrich, Manfred"]
[Black "Jenni, Florian"]
[Result "0-1"]
[WhiteElo "2415"]
[BlackElo "2505"]
[PlyCount "30"]
[EventDate "2002.??.??"]

1. e4 e5 2. Nf3 Nc6 3. d4 exd4 4. Nxd4 Nf6 5. Nxc6 bxc6 6. e5 Qe7 7. Qe2 Nd5 8.
c4 Ba6 9. Nd2 Nb4 10. Nf3 c5 11. g3 d5 12. b3 dxc4 13. bxc4 Rd8 14. Qe4 Qe6 15.
Bg5 Bb7 0-1

[Event "Forchheim - Stuttgart"]
[Site "BL 0203"]
[Date "2002.12.15"]
[Round "6.5"]
[White "Duppel, Matthias"]
[Black "Bartsch, Berthold"]
[Result "1-0"]
[WhiteElo "2455"]
[BlackElo "2320"]
[PlyCount "49"]
[EventDate "2002.??.??"]

1. Nf3 c5 2. c4 g6 3. d4 cxd4 4. Nxd4 Bg7 5. e4 Nc6 6. Be3 a6 7. Nc3 Nf6 8. Be2
d6 9. O-O O-O 10. Qd2 Ng4 11. Bxg4 Bxg4 12. f4 Bd7 13. Kh1 Rc8 14. b3 b5 15.
cxb5 Nxd4 16. Bxd4 Bxb5 17. Bxg7 Kxg7 18. Rf3 Bc6 19. f5 Qa5 20. Rh3 Rh8 21.
Qh6+ Kg8 22. fxg6 fxg6 23. Rf1 Qe5 24. Rhf3 Qg7 25. Qh3 1-0

[Event "Forchheim - Stuttgart"]
[Site "BL 0203"]
[Date "2002.12.15"]
[Round "6.6"]
[White "Doeres, Hans-Juergen"]
[Black "Bunzmann, Dimitri"]
[Result "0-1"]
[WhiteElo "2271"]
[BlackElo "2484"]
[PlyCount "52"]
[EventDate "2002.??.??"]

1. Nf3 Nf6 2. g3 d5 3. Bg2 Bf5 4. O-O e6 5. d3 Be7 6. Nbd2 h6 7. Qe1 O-O 8. e4
Bh7 9. e5 Nfd7 10. Qe2 c5 11. Ne1 Nc6 12. f4 b5 13. Kh1 Qb6 14. c3 Qa6 15. Qf2
Na5 16. d4 cxd4 17. cxd4 f6 18. exf6 Nxf6 19. Qe2 Bf5 20. Ndf3 Nb3 21. axb3
Qxa1 22. Nh4 Qxc1 23. Nxf5 exf5 24. Qxe7 Rfe8 25. Qb7 Rxe1 26. Qxa8+ Kh7 0-1

[Event "Forchheim - Stuttgart"]
[Site "BL 0203"]
[Date "2002.12.15"]
[Round "6.7"]
[White "Heinatz, Thomas"]
[Black "Bade, Joern"]
[Result "1/2-1/2"]
[WhiteElo "2315"]
[BlackElo "2267"]
[PlyCount "63"]
[EventDate "2002.??.??"]

1. e4 c5 2. Nf3 Nc6 3. Bb5 Nf6 4. e5 Nd5 5. O-O g6 6. Re1 Bg7 7. Nc3 Nc7 8.
Bxc6 dxc6 9. Ne4 Ne6 10. d3 O-O 11. Be3 b6 12. a4 Nd4 13. Bf4 Bg4 14. Ned2 Qd5
15. Re4 f5 16. exf6 Rxf6 17. Be5 Bxf3 18. Nxf3 Nxf3+ 19. gxf3 Rf7 20. Bxg7 Kxg7
21. a5 b5 22. Qe2 Raf8 23. Re1 Rxf3 24. Rxe7+ R8f7 25. Qe5+ Qxe5 26. Rxf7+ Kxf7
27. Rxe5 Rf5 28. Rxf5+ gxf5 29. Kg2 Kf6 30. Kg3 h6 31. Kf4 Ke6 32. c3 1/2-1/2

[Event "Forchheim - Stuttgart"]
[Site "BL 0203"]
[Date "2002.12.15"]
[Round "6.8"]
[White "Lang, Stefan"]
[Black "Schmidt, Wolfgang"]
[Result "1-0"]
[WhiteElo "2225"]
[BlackElo "2195"]
[PlyCount "67"]
[EventDate "2002.??.??"]

1. Nf3 d6 2. b4 e5 3. d3 Bg4 4. Nbd2 Nd7 5. Bb2 Be7 6. g3 Bf6 7. Bg2 Rb8 8. c4
Ne7 9. Ne4 O-O 10. O-O Nc8 11. Nxf6+ Nxf6 12. h3 Bh5 13. Qd2 Qd7 14. Nh4 Ne8
15. f4 f6 16. Rf2 Bf7 17. Raf1 exf4 18. Qxf4 Ne7 19. Qe3 a6 20. a4 Ng6 21. Nf5
Ne5 22. Qa7 Rd8 23. a5 c6 24. Qe3 Ng6 25. g4 Nc7 26. g5 Be6 27. gxf6 Bxf5 28.
Rxf5 Rf7 29. Qg3 Ne8 30. Be4 Qe6 31. fxg7 Rxf5 32. Bxf5 Qxe2 33. Bxg6 Qxb2 34.
Bf7# 1-0

[Event "Godesberg - Plauen"]
[Site "BL 0203"]
[Date "2002.12.15"]
[Round "6.1"]
[White "Beliavsky, Alexander"]
[Black "Breder, Dennis"]
[Result "1-0"]
[WhiteElo "2650"]
[BlackElo "2440"]
[PlyCount "67"]
[EventDate "2002.??.??"]

1. d4 Nf6 2. c4 e6 3. Nf3 b6 4. g3 Bb4+ 5. Bd2 Be7 6. Bg2 c6 7. O-O d5 8. Qc2
O-O 9. Rd1 Nbd7 10. b3 Bb7 11. Nc3 Rc8 12. e4 c5 13. exd5 exd5 14. Bf4 Re8 15.
dxc5 Bxc5 16. Nd4 Ba8 17. Qf5 dxc4 18. Bxa8 Rxa8 19. Ndb5 Re7 20. Nd5 Nxd5 21.
Qxd5 Qf8 22. Qxc4 Rc8 23. Qd3 Nf6 24. Rac1 Qe8 25. Qf5 Ne4 26. Bd6 g6 27. Qxc8
Qxc8 28. Bxe7 Bxf2+ 29. Kg2 Qg4 30. Rd8+ Kg7 31. Bf8+ Kf6 32. Nc3 Bc5 33. Rf1+
Ke6 34. Rf4 1-0

[Event "Godesberg - Plauen"]
[Site "BL 0203"]
[Date "2002.12.15"]
[Round "6.2"]
[White "Sprenger, Jan-Michael"]
[Black "Bischoff, Klaus"]
[Result "1/2-1/2"]
[WhiteElo "2430"]
[BlackElo "2554"]
[PlyCount "62"]
[EventDate "2002.??.??"]

1. d4 e6 2. e4 d5 3. Nd2 Nf6 4. e5 Nfd7 5. f4 c5 6. c3 Nc6 7. Ndf3 cxd4 8. cxd4
f5 9. Bd3 Nb6 10. Ne2 Be7 11. b3 Bd7 12. a3 O-O 13. h3 a5 14. g4 a4 15. gxf5
exf5 16. b4 Na7 17. Nc3 Rc8 18. Bd2 Qe8 19. Qe2 Be6 20. h4 Nc4 21. Ng5 Bxg5 22.
hxg5 g6 23. Bc2 b5 24. Rh3 Rf7 25. Bd3 Qd8 26. Nd1 Nc6 27. Bc3 Qb6 28. Qf2 Nd8
29. Bf1 Bd7 30. Bxc4 bxc4 31. Ne3 Bc6 1/2-1/2

[Event "Godesberg - Plauen"]
[Site "BL 0203"]
[Date "2002.12.15"]
[Round "6.4"]
[White "Seger, Ruediger"]
[Black "Kindermann, Stefan"]
[Result "1/2-1/2"]
[WhiteElo "2406"]
[BlackElo "2519"]
[PlyCount "38"]
[EventDate "2002.??.??"]

1. e4 e6 2. d4 d5 3. Nd2 c5 4. exd5 exd5 5. Ngf3 Nf6 6. Bb5+ Bd7 7. Bxd7+ Nbxd7
8. O-O Be7 9. dxc5 Nxc5 10. Nb3 Nce4 11. Nbd4 Qc8 12. c3 O-O 13. Bf4 Bc5 14.
Ne5 Re8 15. Nd3 Bb6 16. Kh1 h6 17. f3 Nc5 18. Nxc5 Bxc5 19. Qd2 Qd7 1/2-1/2

[Event "Godesberg - Plauen"]
[Site "BL 0203"]
[Date "2002.12.15"]
[Round "6.5"]
[White "Espig, Lutz"]
[Black "Jackelen, Thomas"]
[Result "1-0"]
[WhiteElo "2425"]
[BlackElo "2415"]
[PlyCount "93"]
[EventDate "2002.??.??"]

1. Nf3 Nf6 2. c4 e6 3. g3 d5 4. Bg2 dxc4 5. Qa4+ c6 6. Qxc4 b5 7. Qc2 Bb7 8. d4
Nbd7 9. Nc3 c5 10. dxc5 Bxc5 11. O-O Rc8 12. a3 O-O 13. Qd3 a6 14. Bf4 Qb6 15.
Rad1 Rfd8 16. Bd6 h6 17. Bxc5 Nxc5 18. Qe3 Nd5 19. Nxd5 Bxd5 20. Ne5 Bxg2 21.
Kxg2 Qb7+ 22. f3 Na4 23. Rxd8+ Rxd8 24. b3 Nb6 25. Rc1 Rc8 26. Rxc8+ Nxc8 27.
Qc5 Ne7 28. Kf2 f6 29. Nd3 Kf7 30. Ke1 e5 31. e4 a5 32. Kd2 Qd7 33. g4 a4 34.
bxa4 bxa4 35. Kc3 Ke8 36. Qc4 Kf8 37. h4 Qa7 38. Nc5 Qa5+ 39. Qb4 Qc7 40. Kc4
Qd6 41. Qxa4 Qd2 42. Qb3 Nc6 43. Ne6+ Ke7 44. Qb7+ Kxe6 45. Qxc6+ Ke7 46. Qb7+
Ke8 47. Qb5+ 1-0

[Event "Godesberg - Plauen"]
[Site "BL 0203"]
[Date "2002.12.15"]
[Round "6.6"]
[White "Schmidt, Bodo"]
[Black "Brendel, Oliver"]
[Result "1/2-1/2"]
[WhiteElo "2360"]
[BlackElo "2378"]
[PlyCount "85"]
[EventDate "2002.??.??"]

1. d4 g6 2. Nf3 Nf6 3. c4 Bg7 4. Nc3 d5 5. e3 O-O 6. b4 b6 7. Bb2 c5 8. bxc5
bxc5 9. Rc1 cxd4 10. Nxd4 e5 11. Nb3 Bb7 12. Nc5 Bc6 13. cxd5 Nxd5 14. e4 Nxc3
15. Qxd8 Rxd8 16. Rxc3 Bf8 17. f3 Nd7 18. Nd3 Bb5 19. Kf2 Rab8 20. Ba3 Rbc8 21.
Rxc8 Rxc8 22. Bxf8 Rc2+ 23. Ke3 Nxf8 24. Nxe5 Rc1 25. Nd3 Ra1 26. g3 h5 27. h4
Ne6 28. a4 Bxa4 29. Bg2 Ra3 30. Rc1 Bb5 31. Bf1 a5 32. f4 Kg7 33. f5 gxf5 34.
exf5 Nf8 35. Rc5 Bxd3 36. Bxd3 Nd7 37. Rb5 Kf6 38. Kd4 Ra4+ 39. Kd5 Ra2 40. Ke4
Ra4+ 41. Kd5 Ra2 42. Ke4 Ra4+ 43. Kd5 1/2-1/2